[Event "Kaupthing op-B 1st"]
[Site "Differdange"]
[Date "2007.07.13"]
[Round "8"]
[White "Schneider, Raphael"]
[Black "Mahan, James Robert"]
[Result "1-0"]
[WhiteElo "1807"]
[BlackElo "1514"]
[PlyCount "117"]
[EventDate "2007.07.08"]
[EventType "swiss"]
[EventRounds "9"]
[EventCountry "LUX"]
[SourceTitle "EXT 2008"]
[Source "ChessBase"]
[SourceDate "2007.11.25"]
[SourceVersion "1"]
[SourceVersionDate "2007.11.25"]
[SourceQuality "1"]

1. e4 d5 2. exd5 Qxd5 3. Nc3 Qd6 4. d4 Nf6 5. h3 Bf5 6. Nf3 h6 7. Bc4 Nbd7 8. Qe2 a6 9. Ne5 Be6 10. Bxe6 Qxe6 11. Bf4 0-0-0 12. 0-0-0 Nd5 13. Nxd5 Qxd5 14. Kb1 g5 15. Bg3 Bg7 16. f4 Nxe5 17. dxe5 Qe6 18. fxg5 Rxd1+ 19. Rxd1 hxg5 20. a3 f5 21. Bh2 Rh4 22. Qd2 Rh8 23. Qxg5 Bh6 24. Qh5 Bg7 25. Qf3 Qg6 26. Qd5 e6 27. Qd7+ Kb8 28. Bg1 Rc8 29. Ba7+ Kxa7 30. Qxc8 Bxe5 31. Re1 Qf6 32. Qd7 f4 33. a4 Bxb2 34. Qxe6 Qc3 35. Rf1 Qd4 36. Qb3 Bc3 37. h4 c5 38. h5 c4 39. Qa3 Qb6+ 40. Ka2 Bb4 41. Qb2 Qa5 42. Qd4+ Ka8 43. Qxc4 Qxa4+ 44. Kb1 b5 45. Qb3 Qa5 46. h6 Bd2 47. Rd1 f3 48. Qxf3+ Kb8 49. Qb3 Bxh6 50. Qg8+ Kb7 51. Qh7+ Ka8 52. Qxh6 Qb4+ 53. Kc1 Qa3+ 54. Kd2 Qb4+ 55. c3 Qb2+ 56. Kd3 Qxg2 57. Qxa6+ Kb8 58. Qxb5+ Ka8 59. Ra1+ 1-0

[Event "Kaupthing op-B 1st"]
[Site "Differdange"]
[Date "2007.07.12"]
[Round "7"]
[White "Mahan, James Robert"]
[Black "Steil, Raymond"]
[Result "1/2-1/2"]
[WhiteElo "1514"]
[BlackElo "1731"]
[PlyCount "80"]
[EventDate "2007.07.08"]
[EventType "swiss"]
[EventRounds "9"]
[EventCountry "LUX"]
[SourceTitle "EXT 2008"]
[Source "ChessBase"]
[SourceDate "2007.11.25"]
[SourceVersion "1"]
[SourceVersionDate "2007.11.25"]
[SourceQuality "1"]

1. d4 Nf6 2. Nf3 g6 3. e3 Bg7 4. Bd3 d6 5. 0-0 0-0 6. Nbd2 Nbd7 7. e4 e5 8. c3 Qe7 9. Re1 Re8 10. b3 b6 11. Qc2 a5 12. a4 Qd8 13. Bb2 Bb7 14. Rad1 h6 15. Nc4 Qc8 16. dxe5 Nxe5 17. Ncxe5 dxe5 18. b4 Nh5 19. Bc1 Qg4 20. h3 Qe6 21. Be2 Rad8 22. Rxd8 Rxd8 23. Nh2 Nf6 24. Bg4 Nxg4 25. Nxg4 Kh7 26. f4 exf4 27. Bxf4 f5 28. Nf2 fxe4 29. Nxe4 Qc4 30. Qe2 Qxe2 31. Rxe2 Bxe4 32. Rxe4 Bxc3 33. Bxc7 Rd1+ 34. Kh2 Bxb4 35. Bxb6 Rb1 36. Bc7 Ra1 37. Rd4 Rxa4 38. Bxa5 Rxa5 39. Rxb4 h5 40. Rb7+ Kh6 1/2-1/2

[Event "Kaupthing op-B 1st"]
[Site "Differdange"]
[Date "2007.07.10"]
[Round "5"]
[White "Mahan, James Robert"]
[Black "Marchal, Roger"]
[Result "0-1"]
[WhiteElo "1514"]
[BlackElo "1682"]
[PlyCount "74"]
[EventDate "2007.07.08"]
[EventType "swiss"]
[EventRounds "9"]
[EventCountry "LUX"]
[SourceTitle "EXT 2008"]
[Source "ChessBase"]
[SourceDate "2007.11.25"]
[SourceVersion "1"]
[SourceVersionDate "2007.11.25"]
[SourceQuality "1"]

1. d4 Nf6 2. Nf3 e6 3. e3 d5 4. Bd3 c5 5. c3 Nc6 6. 0-0 Qc7 7. Nbd2 Bd6 8. dxc5 Bxc5 9. e4 0-0 10. Re1 Ng4 11. Re2 Bd6 12. Nf1 Nce5 13. Nxe5 Bxe5 14. g3 dxe4 15. Rxe4 Nf6 16. Re2 b6 17. Qe1 Bd6 18. Nd2 Bb7 19. Ne4 Nxe4 20. Bxe4 Rfd8 21. Bxb7 Qxb7 22. Re4 Be7 23. h4 Rd5 24. c4 Rd1 25. Qxd1 Qxe4 26. Qf1 Bf6 27. Qg2 Qxg2+ 28. Kxg2 Rc8 29. Rb1 Rxc4 30. b3 Rc2 31. a4 Bd4 32. Ba3 Bxf2 33. Kf3 Bc5 34. Rd1 Bxa3 35. Rd8+ Bf8 36. Ra8 a5 37. Rb8 Rc3+ 0-1

[Event "Kaupthing op-B 1st"]
[Site "Differdange"]
[Date "2007.07.08"]
[Round "2"]
[White "Mahan, James Robert"]
[Black "Carrillo, Jesus"]
[Result "0-1"]
[WhiteElo "1514"]
[BlackElo "2174"]
[PlyCount "66"]
[EventDate "2007.07.08"]
[EventType "swiss"]
[EventRounds "9"]
[EventCountry "LUX"]
[SourceTitle "EXT 2008"]
[Source "ChessBase"]
[SourceDate "2007.11.25"]
[SourceVersion "1"]
[SourceVersionDate "2007.11.25"]
[SourceQuality "1"]

1. d4 Nf6 2. Nf3 g6 3. e3 Bg7 4. Bd3 d6 5. 0-0 0-0 6. Nbd2 Nbd7 7. e4 e5 8. c3 Re8 9. Re1 Nf8 10. d5 Nh5 11. Nf1 Nf4 12. Bb5 Bd7 13. Bxd7 Nxd7 14. g3 Nh5 15. Ne3 Ndf6 16. Ng2 Qd7 17. Nfh4 h6 18. f3 Qh3 19. g4 Nf4 20. Bxf4 exf4 21. Qd2 Nd7 22. Qf2 Bf6 23. Re2 Ne5 24. Rd1 Bxh4 25. Nxh4 Qxh4 26. Qxh4 Nxf3+ 27. Kg2 Nxh4+ 28. Kf2 Re7 29. Rd4 Rae8 30. a4 f5 31. gxf5 gxf5 32. Re1 fxe4 33. Rg1+ Rg7 0-1

[Event "Kaupthing op-B 1st"]
[Site "Differdange"]
[Date "2007.07.08"]
[Round "1"]
[White "Mahan, James Robert"]
[Black "Wagener, Christophe"]
[Result "0-1"]
[WhiteElo "1514"]
[BlackElo "1930"]
[PlyCount "134"]
[EventDate "2007.07.08"]
[EventType "swiss"]
[EventRounds "9"]
[EventCountry "LUX"]
[SourceTitle "EXT 2008"]
[Source "ChessBase"]
[SourceDate "2007.11.25"]
[SourceVersion "1"]
[SourceVersionDate "2007.11.25"]
[SourceQuality "1"]

1. d4 Nf6 2. Nf3 e6 3. e3 b6 4. Bd3 Bb7 5. Nbd2 Be7 6. 0-0 0-0 7. Re1 d6 8. e4 Nbd7 9. Qe2 c5 10. c3 Rc8 11. Ba6 Bxa6 12. Qxa6 Qc7 13. a4 Nb8 14. Qc4 d5 15. Qe2 dxe4 16. Nxe4 cxd4 17. Nxd4 Nbd7 18. Nb5 Qb8 19. Rd1 Nc5 20. Nxf6+ Bxf6 21. Qc4 Rfd8 22. Rxd8+ Rxd8 23. Be3 Nb7 24. Re1 Nd6 25. Nxd6 Qxd6 26. Qa6 Qc7 27. Qe2 Qd7 28. Qb5 Qb7 29. a5 h6 30. axb6 axb6 31. Qxb6 Qxb6 32. Bxb6 Rb8 33. Bd4 Bxd4 34. cxd4 Rxb2 35. Rd1 Kf8 36. Kf1 Ke7 37. Ke1 Kd6 38. Rd2 Rb1+ 39. Ke2 Kd5 40. f3 g6 41. h3 Kc4 42. Ke3 Rb3+ 43. Ke4 f5+ 44. Ke5 Re3+ 45. Kf4 Re1 46. h4 Kc3 47. Ra2 Kxd4 48. Ra4+ Kd3 49. Ra3+ Kd4 50. Ra4+ Kd5 51. Ra7 e5+ 52. Kg3 Rc1 53. Rd7+ Ke6 54. Rd8 Rc6 55. Rg8 Kd5 56. Ra8 e4 57. Rd8+ Ke5 58. Re8+ Re6 59. Rxe6+ Kxe6 60. fxe4 fxe4 61. Kf4 Kd5 62. Ke3 Ke5 63. g4 g5 64. h5 Kd5 65. Kd2 Kd4 66. Ke2 e3 67. Kd1 Kd3 0-1